|
|
|
|
| LEADER |
00728naa a2200193 i 4500 |
| 001 |
acta61734 |
| 005 |
20260224081030.0 |
| 008 |
191028s2016 hu o 100 eng d |
| 040 |
|
|
|a SZTE Egyetemi Kiadványok Repozitórium
|b hun
|
| 041 |
|
|
|a eng
|
| 100 |
1 |
|
|a Pflanzner Tamás
|
| 245 |
1 |
0 |
|a Taxonomy and survey of IoT cloud use cases
|h [elektronikus dokumentum] /
|c Pflanzner Tamás
|
| 260 |
|
|
|c 2016
|
| 300 |
|
|
|a 52
|
| 490 |
0 |
|
|a Conference of PhD Students in Computer Science
|v 10
|
| 695 |
|
|
|a Számítástechnika - előadáskivonat
|
| 700 |
0 |
1 |
|a Kertész Attila
|e aut
|
| 710 |
|
|
|a Conference of PhD students in computer science (10.) (2016) (Szeged)
|
| 856 |
4 |
0 |
|u http://acta.bibl.u-szeged.hu/61734/1/cscs_2016_053.pdf
|z Dokumentum-elérés
|